| 000 | 00547nam a2200145Ia 4500 | ||
|---|---|---|---|
| 008 | 140724s9999 xx 000 0 und d | ||
| 050 |
_aHD 28 _b.V718 2009 |
||
| 100 | _aVillanueva, Lawrence R. | ||
| 245 | 4 |
_aThe effect of ISO Certification to Southville International School and Colleges : _bCollege Division / _cLawrence R. Villanueva. |
|
| 260 |
_aLas PiƱas, Philippines : _bSouthville International School and Colleges, _cc2009. |
||
| 300 |
_a70 p. : _bill. ; _c28 cm. |
||
| 521 | _aHuman Resource Management | ||
| 942 | _cTH | ||
| 999 |
_c228930 _d228930 |
||